Statistics for Dark Ages History

Click here to take the quiz!

General Stats

  • This quiz has been taken 30,111 times
  • The average score is 11 of 18

Answer Stats

YearDescriptionAnswer% Correct
476The Dark Ages are said to begin with the fall of this empire
Western Roman
Empire
97%
570This prophet is born in MeccaMuhammad
92%
642The great library of this African city is once again destroyedAlexandria
81%
800sThis Indian board game reaches EuropeChess
77%
800This "great" Frankish king is crowned Emperor by the PopeCharlemagne
74%
808This saltpeter-based substance is invented in ChinaGunpowder
74%
522Byzantines go to China to steal the secret of making this expensive materialSilk
73%
800sThis number is "invented" in what is today IndiaZero
72%
800sThis Central American society collapsesMaya
71%
711This Muslim group conquers most of modern-day Spain and PortugalThe Moors
58%
532Construction begins on this grand basilica in ConstantinopleHagia Sophia
56%
793–1066These Pagans raid and terrorize much of ChristendomVikings
52%
962
Otto becomes ruler of this Germanic empire which would last until
the time of Napoleon
Holy Roman Empire
48%
678Byzantines use this napalm-like substance to defeat a Muslim invasion fleetGreek Fire
39%
632Abu Bakr becomes the first person to hold this Islamic
leadership position (at least according to Sunnis)
Caliph
37%
525–565This "great" Byzantine emperor conquers much of ItalyJustinian
33%
509This ruler becomes the first king of all FranksClovis
22%
c. 600This canal is built to connect the Yellow and Yangtze rivers.
It is still the longest canal in the world today.
Grand Canal
14%

Score Distribution

Percentile by Number Answered

Percent of People with Each Score

Your Score History

You have not taken this quiz